<?xml version="1.0" encoding="UTF-8"?>
<record
    xmlns:xsi="http://www.w3.org/2001/XMLSchema-instance"
    xsi:schemaLocation="http://www.loc.gov/MARC21/slim http://www.loc.gov/standards/marcxml/schema/MARC21slim.xsd"
    xmlns="http://www.loc.gov/MARC21/slim">

  <leader>02233nam a22002417a 4500</leader>
  <controlfield tag="001">6885</controlfield>
  <controlfield tag="003">FISKH</controlfield>
  <controlfield tag="005">20250916114342.0</controlfield>
  <controlfield tag="008">250604b        cb ||||| |||| 00| 0 eng d</controlfield>
  <datafield tag="020" ind1=" " ind2=" ">
    <subfield code="a">9789995001001</subfield>
  </datafield>
  <datafield tag="040" ind1=" " ind2=" ">
    <subfield code="a">FISKH</subfield>
    <subfield code="b">khr</subfield>
    <subfield code="c">FISKH</subfield>
    <subfield code="d">FISKH</subfield>
  </datafield>
  <datafield tag="082" ind1=" " ind2=" ">
    <subfield code="a">370</subfield>
  </datafield>
  <datafield tag="100" ind1=" " ind2=" ">
    <subfield code="a">Seang, Tith</subfield>
  </datafield>
  <datafield tag="245" ind1=" " ind2=" ">
    <subfield code="a"> &#x179F;&#x17B8;&#x179B;&#x1792;&#x1798;&#x17CC;-&#x1796;&#x179B;&#x179A;&#x178A;&#x17D2;&#x178B;&#x179C;&#x17B7;&#x1787;&#x17D2;&#x1787;&#x17B6; :</subfield>
    <subfield code="b">&#x17E1;&#x17E1; /</subfield>
    <subfield code="c">&#x1782;&#x178E;:&#x1780;&#x1798;&#x17D2;&#x1798;&#x1780;&#x17B6;&#x179A;&#x1793;&#x17B7;&#x1796;&#x1793;&#x17D2;&#x1792; &#x179B;&#x17C4;&#x1780; &#x1791;&#x17B7;&#x178F;&#x200B; &#x179F;&#x17C0;&#x1784;, &#x179B;&#x17C4;&#x1780; &#x1798;&#x17B6;&#x179F; &#x1787;&#x17BB;&#x178F;&#x17B7;&#x1798;&#x17B6;, &#x179B;&#x17C4;&#x1780; &#x1797;&#x17BB;&#x1780; &#x1794;&#x17C9;&#x17B6;&#x179C; &#x1793;&#x17B7;&#x1784; &#x179B;&#x17C4;&#x1780; &#x179F;&#x17B6;&#x1798; &#x179F;&#x17B6;&#x179A;&#x17BB;&#x17C6;</subfield>
  </datafield>
  <datafield tag="250" ind1=" " ind2=" ">
    <subfield code="a">&#x1794;&#x17C4;&#x17C7;&#x1796;&#x17BB;&#x1798;&#x17D2;&#x1796;&#x1786;&#x17D2;&#x1793;&#x17B6;&#x17C6;2023</subfield>
  </datafield>
  <datafield tag="260" ind1=" " ind2=" ">
    <subfield code="a">Phnom Penh :</subfield>
    <subfield code="b">&#x1782;&#x17D2;&#x179A;&#x17BA;&#x17C7;&#x179F;&#x17D2;&#x1790;&#x17B6;&#x1793;&#x1794;&#x17C4;&#x17C7;&#x1796;&#x17BB;&#x1798;&#x17D2;&#x1796;&#x1793;&#x17B7;&#x1784;&#x1785;&#x17C2;&#x1780;&#x1795;&#x17D2;&#x179F;&#x17B6;&#x1799; ,</subfield>
    <subfield code="c">2023. </subfield>
  </datafield>
  <datafield tag="300" ind1=" " ind2=" ">
    <subfield code="a">204&#x200B; pages : </subfield>
    <subfield code="b">illustrations ;</subfield>
    <subfield code="c">25 cm . </subfield>
  </datafield>
  <datafield tag="520" ind1=" " ind2=" ">
    <subfield code="a">&#x179F;&#x17C0;&#x179C;&#x1797;&#x17C5; &#x179F;&#x17B8;&#x179B;&#x1792;&#x1798;&#x17CC;-&#x1796;&#x179B;&#x179A;&#x178A;&#x17D2;&#x178B;&#x179C;&#x17B7;&#x1787;&#x17D2;&#x1787;&#x17B6; &#x1790;&#x17D2;&#x1793;&#x17B6;&#x1780;&#x17CB;&#x1791;&#x17B8;&#x17E1;&#x17E1; &#x178A;&#x17C2;&#x179B;&#x1794;&#x17C4;&#x17C7;&#x1796;&#x17BB;&#x1798;&#x17D2;&#x1796;&#x1795;&#x17D2;&#x179F;&#x17B6;&#x1799;&#x178A;&#x17C4;&#x1799;&#x1780;&#x17D2;&#x179A;&#x179F;&#x17BD;&#x1784;&#x17A2;&#x1794;&#x17CB;&#x179A;&#x17C6; &#x1799;&#x17BB;&#x179C;&#x1787;&#x1793; &#x1793;&#x17B7;&#x1784;&#x1780;&#x17B8;&#x17A1;&#x17B6; &#x1793;&#x17C5;&#x1786;&#x17D2;&#x1793;&#x17B6;&#x17C6; &#x17E2;&#x17E0;&#x17E1;&#x17E1; &#x1798;&#x17B6;&#x1793;&#x1785;&#x17C6;&#x1793;&#x17BD;&#x1793;&#x1791;&#x17C6;&#x1796;&#x17D0;&#x179A; &#x17E2;&#x17E0;&#x17E4; &#x1793;&#x17B7;&#x1784;&#x1798;&#x17B6;&#x1793;&#x179A;&#x17BC;&#x1794;&#x1797;&#x17B6;&#x1796; &#x1793;&#x17B7;&#x1784;&#x1795;&#x17C2;&#x1793;&#x1791;&#x17B8;&#x1785;&#x17C6;&#x1793;&#x17BD;&#x1793; &#x17E2;&#x17E5;&#x17D4; &#x179F;&#x17C0;&#x179C;&#x1797;&#x17C5;&#x1793;&#x17C1;&#x17C7;&#x1798;&#x17B6;&#x1793;&#x1782;&#x17C4;&#x179B;&#x1794;&#x17C6;&#x178E;&#x1784;&#x1795;&#x17D2;&#x178F;&#x179B;&#x17CB;&#x1785;&#x17C6;&#x178E;&#x17C1;&#x17C7;&#x178A;&#x17B9;&#x1784;&#x178A;&#x179B;&#x17CB;&#x179F;&#x17B7;&#x179F;&#x17D2;&#x179F;&#x1790;&#x17D2;&#x1793;&#x17B6;&#x1780;&#x17CB;&#x1791;&#x17B8;&#x17E1;&#x17E1;&#x17A2;&#x17C6;&#x1796;&#x17B8;&#x179F;&#x17B7;&#x179B;&#x1792;&#x1798;&#x17CC; &#x1793;&#x17B7;&#x1784;&#x179F;&#x17B7;&#x1791;&#x17D2;&#x1792;&#x17B7;&#x1796;&#x179B;&#x179A;&#x178A;&#x17D2;&#x178B; &#x178A;&#x17BE;&#x1798;&#x17D2;&#x1794;&#x17B8;&#x17A2;&#x1797;&#x17B7;&#x179C;&#x178C;&#x17D2;&#x178D;&#x179F;&#x1798;&#x178F;&#x17D2;&#x1790;&#x1797;&#x17B6;&#x1796;&#x1780;&#x17D2;&#x1793;&#x17BB;&#x1784;&#x1780;&#x17B6;&#x179A;&#x179A;&#x179F;&#x17CB;&#x1793;&#x17C5;&#x1780;&#x17D2;&#x1793;&#x17BB;&#x1784;&#x179F;&#x1784;&#x17D2;&#x1782;&#x1798;&#x1799;&#x17C9;&#x17B6;&#x1784;&#x179F;&#x1798;&#x179A;&#x1798;&#x17D2;&#x1799; &#x1793;&#x17B7;&#x1784;&#x1798;&#x17B6;&#x1793;&#x1785;&#x17C6;&#x178E;&#x17C1;&#x17C7;&#x178A;&#x17B9;&#x1784;&#x1795;&#x17D2;&#x1793;&#x17C2;&#x1780;&#x179F;&#x17B7;&#x179B;&#x1792;&#x1798;&#x17CC;&#x17D4;</subfield>
  </datafield>
  <datafield tag="520" ind1=" " ind2=" ">
    <subfield code="a">The book "Civics and Morality for Grade 11", published by the Ministry of Education, Youth and Sport in 2011, contains 204 pages and includes 25 illustrations and maps. This book aims to provide Grade 11 students with knowledge about morality and civic rights, in order to help them develop the skills needed to live appropriately and responsibly in society, with a solid understanding of ethical values.




</subfield>
  </datafield>
  <datafield tag="700" ind1=" " ind2=" ">
    <subfield code="a">Satya, Chom </subfield>
    <subfield code="e">Illustrator </subfield>
  </datafield>
  <datafield tag="942" ind1=" " ind2=" ">
    <subfield code="2">ddc</subfield>
    <subfield code="c">KHB</subfield>
    <subfield code="n">0</subfield>
  </datafield>
  <datafield tag="999" ind1=" " ind2=" ">
    <subfield code="c">6885</subfield>
    <subfield code="d">6885</subfield>
  </datafield>
  <datafield tag="952" ind1=" " ind2=" ">
    <subfield code="0">0</subfield>
    <subfield code="1">0</subfield>
    <subfield code="2">ddc</subfield>
    <subfield code="4">0</subfield>
    <subfield code="7">0</subfield>
    <subfield code="8">KH</subfield>
    <subfield code="a">002</subfield>
    <subfield code="b">002</subfield>
    <subfield code="c">SKB</subfield>
    <subfield code="d">2025-06-04</subfield>
    <subfield code="l">0</subfield>
    <subfield code="o">SEA 370</subfield>
    <subfield code="p">2025-1479</subfield>
    <subfield code="r">2025-06-04 11:56:16</subfield>
    <subfield code="t">1</subfield>
    <subfield code="w">2025-06-04</subfield>
    <subfield code="y">KHB</subfield>
  </datafield>
  <datafield tag="952" ind1=" " ind2=" ">
    <subfield code="0">0</subfield>
    <subfield code="1">0</subfield>
    <subfield code="2">ddc</subfield>
    <subfield code="4">0</subfield>
    <subfield code="7">0</subfield>
    <subfield code="8">KH</subfield>
    <subfield code="a">002</subfield>
    <subfield code="b">002</subfield>
    <subfield code="c">SKB</subfield>
    <subfield code="d">2025-06-04</subfield>
    <subfield code="l">0</subfield>
    <subfield code="o">SEA 370</subfield>
    <subfield code="p">2025-1558</subfield>
    <subfield code="r">2025-06-06 12:28:45</subfield>
    <subfield code="t">2</subfield>
    <subfield code="w">2025-06-04</subfield>
    <subfield code="y">KHB</subfield>
  </datafield>
</record>
